000 01410nam0a22002891 4500
001 rc\3316562
005 20230804104320.0
021 _aRU
_b72-74019
021 _aRU
_bРг4596-73
035 _a(NLR Aleph) 007417533
090 _a6881188
_c6881188
100 _a20130115d1972 |||y0rusy50 ca
101 0 _arus
102 _aRU
105 _ay z |||||
200 1 _aИз истории профсоюзных организаций Кузбасса
_eМатериалы Науч. конф. по истории профсоюзных организаций Кузбасса в период стр-ва социализма и коммунизма (4-5 июня 1971 г.)
_f[Ред. коллегия: доц. С.Ф. Орлянский (отв. ред.)] [и др.]
_gКемеров. обл. совет профсоюзов. Кемеров. гос. пед. ин-т
210 _aКемерово
_cБ. и.
_d1972
215 _a307 с.
_d22
320 _aБиблиогр. в конце статей
702 1 _aОрлянский
_bС. Ф.
_4340
712 1 2 _aНаучная конф. по истории профсоюзных организаций Кузбасса в период стр-ва социализма и коммунизма (1971; Кемерово)
801 0 _aRU
_bNLR
_gpsbo
801 1 _aRU
_bELAR
_2rusmarc
852 _aNLR
_j73-5/1005
942 _cBOOK
980 _aNB